000
00298nam a2200121Ia 4500
008
210210b1931 xxu||||| |||| 00| 0 eng d
082
_a
536/78
100
_a
LODGE (Oliver)
245
_a
Atoms and rays
260
_a
London
_b
Ernest Benn Limited
_c
1931
690
_a
Modern Physics
906
_a
008876
999
_c
126692
_d
126692